000 01003nam1a22002531 4500
001 rc\2953345
005 20230317144841.0
035 _a(NLR Aleph) 007100706
090 _a6667757
_c6667757
100 _a20110831d1933 |||y0rusy50 ca
101 1 _arus
102 _aRU
105 _ay z |||||
200 1 _aРуководство по обмену веществ
_e(Физиология и патология). Ч. 1-
_fпроф. Таннгаузер
_gПер. д-ра А. С-в
_gПод ред. и с доп. проф. А. М. Левина
210 _aЛенинград
_cЛенмедиздат
_d1933
_gТип. "Печатный двор"
215 _d23×16 см
700 1 _aТанхаузер
_bЗ.
_gЗигфрид
702 1 _aЛевин
_bА. М.
_cд-р медицины
_f1861-1932
_gАлександр Михайлович
_3RU\NLR\AUTH\770253713
_4340
801 0 _aRU
_bNLR
_gpsbo
801 1 _aRU
_bELAR
_2rusmarc
852 _aNLR
_j33-18/30
942 _cBOOK
980 _aNB